The mastery learning handbook : a competency-based approach to student achievement /

Bibliographic Details
Main Author: Bergmann, Jonathan (Author)
Corporate Author: EBSCOhost
Format: eBook
Language:English
Published: Arlington, Virginia : ASCD, [2023]
Subjects:
Online Access:Connect to the full text of this electronic book

MARC

Tag First Indicator Second Indicator Subfields
LEADER 00000nam a2200000 i 4500
001 in00004758713
003 OCoLC
005 20221209144709.6
006 m o d
007 cr cnu---unuuu
008 220628s2023 vaua obf 001 0 eng
010 |a  2022022250 
024 8 |a 99995014016 
040 |a DLC  |b eng  |e rda  |c DLC  |d OCLCF  |d N$T  |d YDX 
020 |a 9781416631439  |q electronic book 
020 |a 1416631437  |q electronic book 
020 |z 9781416631422  |q paperback 
035 |a (OCoLC)1334726823 
042 |a pcc 
043 |a n-us--- 
050 4 |a LC1032  |b .B457 2023 
082 0 0 |a 370.11  |2 23/eng/20220707 
100 1 |a Bergmann, Jonathan,  |e author. 
245 1 4 |a The mastery learning handbook :  |b a competency-based approach to student achievement /  |c Jonathan Bergmann. 
264 1 |a Arlington, Virginia :  |b ASCD,  |c [2023] 
300 |a 1 online resource ( 155 pages) :  |b illustrations. 
336 |a text  |b txt  |2 rdacontent 
337 |a computer  |b c  |2 rdamedia 
338 |a online resource  |b cr  |2 rdacarrier 
504 |a Includes bibliographical references and index. 
588 |a Description based on online resource; title from digital title page (viewed on December 09, 2022). 
650 0 |a Competency-based education  |z United States. 
650 0 |a Academic achievement  |z United States. 
650 7 |a Academic achievement.  |2 fast  |0 (OCoLC)fst00794949 
650 7 |a Competency-based education.  |2 fast  |0 (OCoLC)fst00871437 
651 7 |a United States.  |2 fast  |0 (OCoLC)fst01204155 
655 7 |a Electronic books.  |2 local 
710 2 |a EBSCOhost 
776 1 8 |i Print version:  |a Bergmann, Jonathan.  |t Mastery learning handbook  |d Arlington, Virginia : ASCD, 2023  |z 9781416631422  |w (DLC) 2022022249 
856 4 0 |u http://proxy.library.tamu.edu/login?url=https://search.ebscohost.com/login.aspx?direct=true&scope=site&db=nlebk&db=nlabk&AN=3374469  |z Connect to the full text of this electronic book  |t 0 
945 |b 882052 
955 |a YBP purchased EBSCO DDA e-records 
980 |b ebook  |c 99995014016  |f NONFIC/S  |g 565702  |k USD  |m 27.27  |q 1  |s AcqMono Conventional  |t Demand driven acquisitions (DDA)  |u Vendor order reference number  |v ZYBP  |y PDA  |z Electronic resource 
999 f f |i 06c8f06c-53cd-4c0b-83a5-4fcdefa68583  |s 1751859a-138f-473f-b92b-dda49391f26f  |t 0 
952 f f |a Texas A&M University  |b College Station  |c Electronic Resources  |s www_evans  |d Available Online  |t 0  |e LC1032 .B457 2023  |h Library of Congress classification